|
|
|
|
| LEADER |
00000nab a2200000uu 4500 |
| 001 |
vtls010902866 |
| 003 |
SK-MaSNL |
| 005 |
20260303142338.0 |
| 008 |
230222|2011 xo |||||||||||||||||slo| |
| 015 |
|
|
|a SNBRB
|
| 035 |
|
|
|a (urnnbn)urn:nbn:sk:snk:ar-a07plh
|
| 035 |
|
|
|a (uuid)ef3c09a9-b133-4cfa-9d28-20c565038491
|
| 035 |
|
|
|a urn:nbn:sk:snk-ab8u14
|
| 040 |
|
|
|a SNKBUCL
|b slo
|c SNKBUCL
|e AACR2
|
| 041 |
0 |
|
|a slo
|
| 044 |
|
|
|a xo
|c SK
|
| 100 |
1 |
|
|a Pukančík, Milan
|4 aut
|9 328042
|
| 245 |
1 |
0 |
|a ALBÍN ŠKOVIERA: PREVÝCHOVA. ÚVOD DO TEÓRIE A PRAXE
|c Milan Pukančík
|
| 773 |
0 |
|
|t Prevencia : informačný bulletin zameraný na prevenciu sociálno-patologických javov v rezorte školstva
|g Roč. 10, č. 3 (2011), s. 62-64
|
| 954 |
|
|
|a odborná, vedecká literatúra pôvodná (slovenská)
|2 lita
|
| 958 |
|
|
|a OND
|
| 958 |
|
|
|a EUIPO
|
| 958 |
|
|
|a article10
|
| 999 |
|
|
|c 1982197
|d 1984127
|